आभाळ आणि जागरण (Record no. 667620)

MARC details
000 -LEADER
fixed length control field 00552nam a2200181Ia 4500
008 - FIXED-LENGTH DATA ELEMENTS--GENERAL INFORMATION
fixed length control field 100917s9999 xx 000 0 und d
082 ## - DEWEY DECIMAL CLASSIFICATION NUMBER
Item number 62226
100 ## - MAIN ENTRY--PERSONAL NAME
Personal name हिवराळे सुखराम
245 ## - TITLE STATEMENT
Title आभाळ आणि जागरण
260 ## - PUBLICATION, DISTRIBUTION, ETC. (IMPRINT)
Name of publisher, distributor, etc प्रचार प्रकाशन
Date of publication, distribution, etc ---
300 ## - PHYSICAL DESCRIPTION
Extent 147
365 ## - TRADE PRICE
Price amount 17
520 ## - SUMMARY, ETC.
Summary, etc कादंबरी
630 ## - SUBJECT ADDED ENTRY--UNIFORM TITLE
Uniform title आभाळ आणि जागरण
650 ## - SUBJECT ADDED ENTRY--TOPICAL TERM
Topical term or geographic name as entry element कादंबरी
730 ## - ADDED ENTRY--UNIFORM TITLE
Uniform title आभाळ आणि जागरण
942 ## - ADDED ENTRY ELEMENTS (KOHA)
Koha item type Book
Holdings
Withdrawn status Lost status Damaged status Not for loan Home library Current library Shelving location Date acquired Cost, normal purchase price Total Checkouts Barcode Date last seen Price effective from Koha item type Public note
        Pune Marathi Grantha Sangrahalaya Pune Marathi Grantha Sangrahalaya   09/17/2010 17.00   PUNMGS-62226 09/17/2010 09/17/2010 Book देवघेव